000 00658nam a2200229Ia 4500
003 OSt
005 20220926042456.0
006 a|||||r|||| 00| 0
007 ta
008 220923b |||||||| |||| 00| 0 eng d
037 _cGeneral Book
040 _aRTL
_cRTL
_beng
041 _2eng
_aeng
082 _aV2:19.N58<--N47, J8/GD
110 _aIndia, Lok Sabha Secretariat
245 0 _aForeign policy of India
_b Texts of documents, 1947-
260 _c1958
650 _aOreign Policy Great Britain
700 _aIndia, Lok Sabha Secretariat
942 _hV2:19.N58<--N47, J8/GD
_cGB
_2CC
999 _c669815
_d669815